000 00306nam a22001337a 4500
008 171030b xxu||||| |||| 00| 0 eng d
020 _a9780324323306
041 _aeng
080 _a336
100 _a57
101 _aFIN
245 _aINTRODUCTION TO CORPORATE FINANCE
_cMEGGINSON,W.L
942 _2udc
_cBK
999 _c36407
_d36407